000
00349nam a22001577a 4500
005
20160625112651.0
008
160625b xxu||||| |||| 00| 0 eng d
020
_a
978-81-905735-3-5
041
_a
eng
082
_b
10035
245
_a
India 2009
260
_b
Business Standard
_c
2009
300
_a
242
650
_a
Management
_9
241
942
_c
BK
999
_c
3967
_d
3966